000 00261nam a2200097Ia 4500
001 1300784
005 20260420095910.0
008 260420s9999 xx 000 0 und d
245 0 _aNASREDDİN HOCA HİKAYELERİ
_cEMEL İPEK
260 _bÇOCUK GEZEGENİ YAYINLARI
999 _c1300784
_d1300784